000 00476nam a2200193Ia 4500
001 3693
003 IVS
005 20250626025534.0
008 211022s9999 xx 000 0 und d
040 _cIVS
082 _a746 SAR
100 _aSarah Zafar
245 0 _aKugu Ghore
260 _aKarachi
260 _bIndus Valley School
260 _c1999
856 _uhttps://drive.google.com/file/d/1vadqAbFPLiEzx-rTvD811PcJKLB2ADMl/view?usp=sharing
942 _cDISS
_2ddc
_n0
999 _c4935
_d4935